000 00735nam a2200241Ia 4500
003 OSt
005 20220927105014.0
006 a|||||r|||| 00| 0
007 ta
008 220926b |||||||| |||| 00| 0 eng d
024 _a148493
037 _cReference Collections
040 _aRTL
_cRTL
_beng
041 _2eng
_aeng
082 _a"U21, L2/TD3"
100 _aChorley Richard J Ed.
_9369284
245 0 _aSpatial analysis in geomorphology
260 _aNew
_bYork Harper and Row
_c1972
300 _a393p Bibliography chapterwise
_ccm.
490 _aBritish geomorphological research group publication
942 _h"U21, L2/TD3"
_cCC
999 _c690135
_d690135